000
00346nam a2200145Ia 4500
005
20250603144631.0
008
250603s9999 xx 000 0 und d
245
0
_a
Central Bank of Nigeria : statistical bulletin
260
_a
Abuja
260
_b
Central Bank of Nigeria
260
_c
2012
300
_a
288 p
650
_a
Abuja
942
_c
BK
999
_c
39499
_d
39499